Tolsztoj.
Elmentve itt :
| Szerző: | |
|---|---|
| Adatforrás: | Philobibl |
| Forrásdokumentuma: | Katholikus Szemle 1908. évf. 907-923.p. |
| Dokumentumtípus: | Cikk |
| Nyelv: | magyar |
| LEADER | 00268nab a2200097 c 4500 | ||
|---|---|---|---|
| 001 | bibDOK00023923 | ||
| 005 | 20200924121808.7 | ||
| 008 | 060518s1908 hu hun | ||
| 100 | 1 | |a Kocsis Lénárd | |
| 245 | 1 | 0 | |a Tolsztoj. |c Kocsis Lénárd |
| 773 | 0 | |t Katholikus Szemle |g 1908. évf. 907-923.p. | |